000 00670nam a2200241Ia 4500
003 OSt
005 20220918223403.0
006 a|||||r|||| 00| 0
007 ta
008 220917b |||||||| |||| 00| 0 eng d
024 _a222,224
037 _cTextual
040 _aARTS
_cARTS
_beng
041 _2eng
_aeng
082 _aQ:26.1, P4
100 _aOlupona Jacob K Ed.
_9145629
245 0 _aBeyond primitivism
_b Indigenous religious traditions and modernity
260 _aNew York
_bRoutledge
_c2004
300 _axvi, 348p
_ccm.
650 _aRELIGION
942 _hQ:26.1, P4
_cTEXL
_2CC
999 _c278305
_d278305